Metodologia y ciencia en arqueologia. actas y memorias del xi congreso nacional de arqueologia /

Guardado en:
Autor Principal: Congreso Nacional De Arqueologia Argentina, Xi
Formato: Libro
Publicado: San Rafael : Museo Municipal De Historia Natural, 1998
Materias:
Etiquetas: Agregar Etiqueta
Sin Etiquetas, Sea el primero en etiquetar este registro!
LEADER 00730nam a22001935a 4500
001 EHU.bham026404
003 AR-BHAM
005 20110509115419.0
008 130507s1998##################000#0#####d
082 5 7 |a 571.01 
100 1 |a Congreso Nacional De Arqueologia Argentina, Xi 
245 1 0 |a Metodologia y ciencia en arqueologia. actas y memorias del xi congreso nacional de arqueologia /  |c Xi Congreso Nacional De Arqueologia Argentina 
260 |a San Rafael :  |b Museo Municipal De Historia Natural,  |c 1998 
300 |a 142 p. 
500 |a Revista Del Museo: Tomo Xx, §1/2 
653 |a Arqueologia 
653 |a Arqueologia-argentina 
653 |a Actas 
859 |a AR-BHAM  |b BIB. HUMANIDADES - General  |h 571.01  |i AC12  |p 82.04  |t Ej.1  |v VIII-1  |3 VIII-1